| 000 | 00840cam a2200241 4500 | ||
|---|---|---|---|
| 001 | M91589 | ||
| 008 | 090401t1998 xxu||||| |||| 00| 0 eng d | ||
| 035 | _a(Sirsi) u99399 | ||
| 041 | _aeng | ||
| 110 |
_aRoyal Institution of Chartered Surveyors _94900 |
||
| 245 | _aImproving local services through best value. | ||
| 260 |
_aLondon _bRICS _c1998 |
||
| 300 | _a10p. ; 30cm. | ||
| 350 | _a0 | ||
| 490 |
_aRICS Policy Unit Submission _vPU/SUB/043 |
||
| 520 | _aPrepared in response to the consultation document Modernising Local Government: Improving Local Services Through Best Value by DETR. Available from the Internet at http://www.rics.org.uk/parliament/ | ||
| 650 | _aBEST VALUE | ||
| 650 | _aCOMPULSORY COMPETITIVE TENDERING | ||
| 650 | _aPERFORMANCE | ||
| 690 | _aECONOMIC AND SOCIAL | ||
| 942 | _n0 | ||
| 948 | _c07/05/1998 | ||
| 999 |
_c99307 _d99307 |
||